Trauma interventions in war and peace (Record no. 29399)
[ view plain ]
| 000 -LEADER | |
|---|---|
| fixed length control field | 01525nam a2200373Ia 4500 |
| 082 04 - DEWEY DECIMAL CLASSIFICATION NUMBER | |
| Classification number | 616.85/21 |
| 245 00 - TITLE STATEMENT | |
| Title | Trauma interventions in war and peace |
| 260 ## - PUBLICATION, DISTRIBUTION, ETC. (IMPRINT) | |
| Place of publication | New York : |
| Name of publisher | Kluwer Academic/Plenum Publishers, |
| Year of publication | c2004. |
| 300 ## - PHYSICAL DESCRIPTION | |
| Number of Pages | xxiii, 388 p. |
| 490 1# - SERIES STATEMENT | |
| Series statement | International and cultural psychology series |
| 650 #0 - SUBJECT ADDED ENTRY--TOPICAL TERM | |
| Topical Term | Post-traumatic stress disorder. |
| Topical Term | War |
| Topical Term | Peace |
| Topical Term | Mental health services. |
| 700 1# - ADDED ENTRY--PERSONAL NAME | |
| Personal name | Green, Bonnie L. |
| 856 40 - ELECTRONIC LOCATION AND ACCESS | |
| Uniform Resource Identifier | http://site.ebrary.com/lib/rucke/Doc?id=10069616 |
No items available.
